01525nam a22001217a 4500041000800000082001500008100002000023245003100043260003100074300000800105520123600113650005401349 aENG a294.5bDAS aDas Rasamandala aHINDUISM: Faith & Practice aLondon,bSouthwater,c2014 a160 aThis title deals with the Four Paths, Deities, Sacred Places, and Hinduism Today. It is a guide to the philosophy and beliefs of Hinduism, illustrated with over 320 photographs. It explores how Hindu thought and spirituality are expressed though worship, dress, cuisine, philosophy, architecture, story, myth and the performing arts. "This illustrated encyclopedia of Hinduism provides a highly readable and comprehensive introduction to Hinduism. Rasamandala Das presents a lively account." (Professor Gavin Flood, Academic Director of the Oxford Centre for Hindu Studies). A magnificent introduction to the world of Hinduism and its vibrant culture, this inspirational book focuses on spiritual practices and those activities that nurture faith, wisdom and communion with the Supreme. It reveals the four main paths of action, knowledge, meditation and devotion, the fascinating array of Hindu deities, and practices that celebrate sacred time and place. The book analyses ways in which Hindus engage with this world through to the present day, and how their spirituality has been expressed and organized. It provides the perfect opportunity for anyone wishing to further explore the compelling faith and culture that is Hinduism a Hinduism aHinduism RELIGION a Hinduism History